Kid Krow - Conan Gray - Statistics

General Stats
  • This quiz has been taken 14 times
  • The average score is 11 of 12
Answer Stats
# Song % Correct
10 Heather
100%
3 Maniac
100%
5 Checkmate
91%
1 Comfort Crowd
91%
7 Fight or Flight
91%
11 Little League
91%
6 The Cut That Always Bleeds
91%
12 The Story
91%
8 Affluenza
82%
9 (Can We Be Friends?)
82%
4 (Online Love)
82%
2 Wish You Were Sober
82%
No matching quizzes found
Score Distribution
Percent of People with Each Score
Percentile by Number Answered
Your Score History
You have not taken this quiz